Click a Martin Quiz Stats

 Plays Quiz Updated Mar 3, 2019

Score 0/24 Timer 05:00
11 Plays Today
% Correct
Aston Martin
94.5%
Martin Luther King, Jr.
93.3%
Dry Martini
92.6%
Ricky Martin
92.2%
Martin Scorsese
92.1%
Dean Martin
91.9%
Martin Van Buren
88.9%
Chris Martin
88.8%
Lockheed Martin
88.6%
Martin Crane
86.5%
George R. R. Martin
85.9%
Trayvon Martin
85.4%
% Correct
Martin Sheen
84.8%
Martin Luther
84%
Steve Martin
83%
Pamela Sue Martin
80.9%
House Martin
78.5%
Mary Martin
76.9%
Rémy Martin
75.5%
George Martin
74.5%
Martin Freeman
73.7%
Billy Martin
72.4%
Martin Brodeur
71.4%
Martin Landau
70.3%

You're not logged in!

Compare scores with friends on all Sporcle quizzes.
OR
Log In

You Might Also Like...

Show Comments

Extras

Top Quizzes Today


Score Distribution

Your Account Isn't Verified!

In order to create a playlist on Sporcle, you need to verify the email address you used during registration. Go to your Sporcle Settings to finish the process.

Report this User

Report this user for behavior that violates our Community Guidelines.

Details: